Essential of Economics. (Record no. 439)

MARC details
005 - DATE AND TIME OF LATEST TRANSACTION
control field 20250621084401.0
020 ## - INTERNATIONAL STANDARD BOOK NUMBER
International Standard Book Number 0-07-287747-2
082 ## - DEWEY DECIMAL CLASSIFICATION NUMBER
Classification number 330 SCH
100 ## - MAIN ENTRY--PERSONAL NAME
Author name SCHILLER, B. R.
245 ## - TITLE STATEMENT
Title Essential of Economics.
250 ## - EDITION STATEMENT
Edition statement 5th Ed.
260 ## - PUBLICATION, DISTRIBUTION, ETC.
Place of publication, distribution, etc. New York,
Name of publisher, distributor, etc. McGraw-Hill/Irwin,
Date of publication, distribution, etc. 2003.
300 ## - PHYSICAL DESCRIPTION
Extent xxvi, 418p.: ill.; figure, graph, table
Other physical details Glossary & Index
Dimensions 28cm
942 ## - ADDED ENTRY ELEMENTS (KOHA)
Source of classification or shelving scheme Dewey Decimal Classification
Koha item type Books
Holdings
Date last seen Total checkouts Full call number Barcode Cost, replacement price Price effective from Koha item type Lost status Source of classification or shelving scheme Damaged status Not for loan Withdrawn status Home library Current library Shelving location Date acquired Cost, normal purchase price
03/12/2025   330 SCH 0000001766 90000.00 03/12/2025 Books   Dewey Decimal Classification       College of Business Education Main Library College of Business Education Main Library General Collection 03/12/2025 30000.00
03/12/2025   330 SCH 0000001767 90000.00 03/12/2025 Books   Dewey Decimal Classification       College of Business Education Main Library College of Business Education Main Library General Collection 03/12/2025 30000.00
03/12/2025   330 SCH 0000001768 90000.00 03/12/2025 Books   Dewey Decimal Classification       College of Business Education Main Library College of Business Education Main Library General Collection 03/12/2025 30000.00
03/12/2025   330 SCH 0000001769 90000.00 03/12/2025 Books   Dewey Decimal Classification       College of Business Education Main Library College of Business Education Main Library General Collection 03/12/2025 30000.00
03/12/2025   330 SCH 0000001770 90000.00 03/12/2025 Books   Dewey Decimal Classification       College of Business Education Main Library College of Business Education Main Library General Collection 03/12/2025 30000.00
03/12/2025   330 SCH 0000001771 90000.00 03/12/2025 Books   Dewey Decimal Classification       College of Business Education Main Library College of Business Education Main Library General Collection 03/12/2025 30000.00